| 000 | 00609nam a2200217 a 4500 | ||
|---|---|---|---|
| 005 | 20230315063845.0 | ||
| 008 | 991125s1992 mad 000 0 spa u | ||
| 020 | _a847112033X | ||
| 035 | _aUPN01000025702 | ||
| 049 | _aCG | ||
| 050 | 4 |
_aBF575 E55 _bR4.4 1992 |
|
| 100 | 1 |
_aRepetto Talavera, Elvira _929536 |
|
| 245 | 1 | 0 |
_aFundamentos de orientación / _cElvira Repetto Talavera. |
| 250 | _a2a ed. | ||
| 260 |
_aMadrid : _bMorata, _c1992. |
||
| 300 | _a252 p. | ||
| 440 | 0 |
_aPedagogía. _pOrientación pedagógica |
|
| 650 | 2 |
_aEmpatía _914918 |
|
| 650 | 4 |
_aOrientación vocacional _95 |
|
| 905 | _aLibro | ||
| 999 |
_c25702 _d25702 |
||